000 01114cam a2200157 4500500
005 20260111085540.0
041 _afre
042 _adc
100 1 0 _aLabey, Gildas
_eauthor
245 0 0 _aEmmanuel Godo, La mort ? Non, l’amour, Salvator, 2021, 142 pages, 15 €.
260 _c2021.
500 _a44
520 _aArmé d’une lucidité radicale, blessé par tant d’années de solitude et d’exil intérieur dans son propre pays, l’écrivain romancier essayiste Boualem Sansal ne cesse d’éprouver à vif la rudesse, le tragique et l’absurde de l’enfermement des systèmes étatiques politico-religieux de l’Algérie d’aujourd’hui. Tout au long de cet entretien, il esquisse les lignes de tension et de résistance de son cheminement personnel, sa passion pour l’ascèse et l’écriture, ses convictions, ses rares admirations et sa vision d’un avenir qu’il entrevoit aussi sombre que périlleux.
786 0 _nÉtudes | Juillet-Août | 7 | 2021-06-21 | p. 116h-144h | 0014-1941
856 4 1 _uhttps://shs.cairn.info/revue-etudes-2021-7-page-116h?lang=fr&redirect-ssocas=7080
999 _c1618193
_d1618193